Αλκαίος τα σωζόμενα

Saved in:
Bibliographic Details
Main Author: Αλκαίος, 7ος αι. π.Χ
Other Authors: Λεκατσάς, Παναγής Γ., 1911-1970 (Translator, Author of introduction, etc.)
Format: Book
Language:Greek
Published: Αθήναι : Ζαχαρόπουλος, Ι. & Π., 1939
Series:Βιβλιοθήκη αρχαίων Ελλήνων πεζογράφων και ποιητών
Subjects:
Tags: Add Tag
No Tags, Be the first to tag this record!

MARC

LEADER 00000cam a2200000 i 4500
001 1/99046
008 081210s1939 gre d
035 |l 10102314 
040 |a GR-MY-UA  |b gre  |e aacr 
041 0 |a gre 
082 0 |a 884.1  |2 (22) 
100 0 |a Αλκαίος,   |d 7ος αι. π.Χ. 
245 1 0 |a Αλκαίος τα σωζόμενα /  |c [Αλκαίος] ; κείμενον - κριτικόν υπόμνημα - μετάφρασις - εισαγωγή και μετρικόν επίμετρον Παναγή Γ. Λεκατσά 
260 |a Αθήναι :   |b Ζαχαρόπουλος, Ι. & Π.,   |c 1939 
300 |a xxxvi, 161 σ.;  |c 21 εκ. 
490 1 |a Βιβλιοθήκη αρχαίων Ελλήνων πεζογράφων και ποιητών 
500 |a Το αντίτυπο της Ρόδου με αριθμό εισαγωγής 156670 είναι δεμένο με: Σαπφώ: αρχαίον κείμενον / Παναγή Γ. Λεκατσά. - Πυθαγόρου χρυσά έπη: αρχαίον κείμενον / Εμμ. Γ. Παντελάκη 
650 0 0 |a Lyric poetry. 
650 0 0 |a Greek poetry, Hellenistic. 
700 1 |a Λεκατσάς, Παναγής Γ.,   |d 1911-1970.  |4 trl  |4 aui 
830 0 |a Βιβλιοθήκη αρχαίων Ελλήνων πεζογράφων και ποιητών 
852 |a INST  |b RHODES  |c AKA  |e 20081210  |h  884.1 ΑΛΚ  |p 005400031590  |q 005400031590  |t BK  |y 0 
901 |a BIBL4-2008-3 
909 |a Ρ  |b 156670 
970 |a ΧΑΡΙΟΠΟΛΙΤΟΥ  |b ΚΩΝΣΤΑΝΤΙΝΑ  |z 2008/12/10